Pays d'Asie se superposant - Statistiques

Statistiques générales
  • Ce quiz a été pris 112 fois
    77 depuis la dernière actualisation
  • Le résultat moyen est 43 sur 49
Réponses sur la Carte
Les réponses sont colorées sur une échelle allant du rouge au vert en fonction du pourcentage des utilisateurs qui les ont devinées à leur premier essai. Vous pouvez retrouver ces pourcentages ci-dessous.
 
Statistiques - réponses
Pays % Correct
Chine
99%
Corée du Nord
96%
Corée du Sud
96%
Inde
96%
Japon
96%
Mongolie
96%
Indonésie
93%
Laos
93%
Népal
93%
Arabie Saoudite
91%
Irak
91%
Iran
91%
Singapour
91%
Viet Nam
91%
Bhoutan
90%
Kazakhstan
90%
Thaïlande
90%
Yemen
90%
Afghanistan
88%
Cambodge
88%
Israël
88%
Jordanie
88%
Kirghizistan
88%
Pakistan
88%
Philippines
88%
Sri Lanka
88%
Arménie
87%
Azerbaïdjan
87%
Koweit
87%
Malaisie
87%
Ouzbékistan
87%
Qatar
87%
Turkmenistan
87%
Bangladesh
86%
Émirats arabes unis
86%
Géorgie
86%
Oman
86%
Syrie
86%
Tadjikistan
86%
Bahrein
84%
Birmanie
84%
Brunei
84%
Taïwan
83%
Turquie
83%
Russie
80%
Timor Oriental
80%
Liban
78%
Maldives
75%
Chypre
74%
Aucun quiz correspondant
Distribution des résultats
% des personnes avec chaque résultat
Percentile par nombre de réponses
Votre historique - résultats
Vous n’avez pas pris ce quiz depuis la dernière actualisation